Signore in pelliccia : 1900-1940 /
Guardat en:
| Autor principal: | |
|---|---|
| Format: | Llibre |
| Idioma: | italià |
| Publicat: |
Modena :
Zanfi,
\1992!
|
| Col·lecció: | Il Novecento. Storie di moda ;
21 |
| Matèries: | |
| Etiquetes: |
Sense etiquetes, Sigues el primer a etiquetar aquest registre!
|
MARC
| LEADER | 00000nam a22000007i 4500 | ||
|---|---|---|---|
| 001 | IT\ICCU\LO1\0460129 | ||
| 003 | ItRI | ||
| 005 | 20260115231943.0 | ||
| 008 | 980520s1992 it |||||| ||||| |||||c | ||
| 020 | |a 8885168817 | ||
| 040 | |b ita |c importazione bologna sebina | ||
| 041 | 7 | |a ita |2 ISO-639-2 | |
| 082 | |a 391.2 |9 ABBIGLIAMENTO FEMMINILE |2 19 | ||
| 100 | 1 | |a Municchi, Anna |0 IT\ICCU\SBLV\148255 |4 aut | |
| 240 | 1 | 0 | |a Signore in pelliccia : 1900-1940 |3 IT\ICCU\UM1\0218186 |9 Municchi, Anna |
| 245 | 1 | 0 | |a Signore in pelliccia : |b 1900-1940 / |c Anna Municchi. |
| 260 | |a Modena : |b Zanfi, |c \1992! | ||
| 300 | |a 152 p. : |b ill. ; |c 30 cm. | ||
| 650 | 7 | |a Pellicce |x 1900-1940 |2 scbi | |
| 830 | 3 | |a Il Novecento. Storie di moda ; |v 21 |0 IT\ICCU\RAV\0198175 | |
| 942 | |2 ddc |c BK |n 0 | ||
| 952 | |0 0 |1 0 |4 0 |6 DOC_391_200000000000000_MUN |7 0 |9 17732 |a BO |b BO |d 2026-01-15 |i 5529 |l 0 |o DOC 391.2 MUN |p BO5529 |r 2026-01-15 23:19:43 |w 2026-01-15 |x [Sebina 7] [1 v.] |y BK |z 1 v. | ||
| 999 | |c 15094 |d 15094 | ||